[Event "Aragon-chT Preferente-A"]
[Site "Spain"]
[Date "2011.02.26"]
[Round "4.4"]
[White "Gargallo Serrano, David"]
[Black "Juni Pardos, Marcos"]
[Result "0-1"]
[WhiteElo "1812"]
[BlackElo "1881"]
[PlyCount "66"]
[EventDate "2011.02.05"]
[EventType "team-tourn"]
[EventRounds "9"]
[EventCountry "ESP"]
[SourceTitle "EXT 2013"]
[Source "ChessBase"]
[SourceDate "2012.11.22"]
[SourceVersion "1"]
[SourceVersionDate "2012.11.22"]
[SourceQuality "1"]
[WhiteTeam "Ciudad del Compromiso"]
[BlackTeam "Calatayud"]
[WhiteTeamCountry "ESP"]
[BlackTeamCountry "ESP"]

1. d4 d5 2. c4 c6 3. e3 Nf6 4. Nf3 e6 5. Nc3 Be7 6. cxd5 exd5 7. Bd3 0-0 8. Ne5 Nbd7 9. 0-0 Nxe5 10. dxe5 Nd7 11. f4 f5 12. Rf3 Nc5 13. b3 Be6 14. Bc2 h6 15. Ne2 Ne4 16. Nd4 Bf7 17. Rh3 Qd7 18. Bb2 c5 19. Nf3 Rad8 20. Qe2 Qc6 21. Nh4 Be8 22. Rd1 g5 23. Nxf5 Rxf5 24. g4 Rf8 25. f5 Rd7 26. f6 Nxf6 27. exf6 Bxf6 28. Rxh6 d4 29. Rf1 Kg7 30. Qd3 Kxh6 31. e4 Bg6 32. Qh3+ Kg7 33. e5 Bxc2 0-1

[Event "Aragon-chT"]
[Site "Spain"]
[Date "2004.02.07"]
[Round "2.4"]
[White "Loscos Vilafranca, Jose Miguel"]
[Black "Gargallo Serrano, David"]
[Result "1-0"]
[WhiteElo "2099"]
[BlackElo "1749"]
[PlyCount "56"]
[EventDate "2004.01.??"]
[EventType "team-tourn"]
[EventRounds "11"]
[EventCountry "ESP"]
[SourceTitle "EXT 2006"]
[Source "ChessBase"]
[SourceDate "2005.11.24"]
[SourceVersion "1"]
[SourceVersionDate "2005.11.24"]
[SourceQuality "1"]

1. d4 d5 2. e4 e6 3. Nc3 Nf6 4. Bg5 Be7 5. e5 Nfd7 6. h4 a6 7. Qg4 Rg8 8. Bd3 g6 9. f4 c5 10. dxc5 Nxc5 11. Bxe7 Nxd3+ 12. cxd3 Qxe7 13. Nxd5 Qd8 14. Nf6+ Kf8 15. Nxg8 Kxg8 16. Ne2 Nc6 17. 0-0-0 Bd7 18. h5 Qc7 19. Kb1 Nb4 20. Nc3 Ba4 21. Rd2 Bb5 22. hxg6 fxg6 23. Qxe6+ Kh8 24. Qxg6 Bxd3+ 25. Rxd3 Nxd3 26. Qxd3 b5 27. Qf5 b4 28. Qf6+ Kg8 1-0